000 00765cab a2200205 4500
001 WB2724-39
008 090401t1991 xxu||||| |||| 00| 0 eng d
035 _a(Sirsi) u14180
041 _aeng
245 _aBuilding society starts conveyancing service for house buyers
260 _c1991
350 _a0
490 _aFinancial Times
_v18 June 1991, 6(1)
520 _aFollowing the Courts and Legal Services Act 1990 which allowed banks and building societies to offer conveyancing services , Bradford and Bingley has become the first financial institution to offer conveyancing services to its purchasers.
650 _aLAW SOCIETY
650 _aNATIONAL CONVEYANCING PROTOCOL
690 _aPROPERTY LAW AND PRACTICE
942 _n0
948 _c04/03/1997
999 _c9209
_d9209